000 00965nam a22002297a 4500
005 20080626104633.0
008 080618t xxu||||| |||| 00| 0 eng d
010 _aENG-90431
020 _c295.00
_a8178298573
035 _aEN-73964
037 _bDBAD / PUB
040 _aDPL
_bEN
082 _a338.910683
245 _aPlanning, monitoring and evaluation in development organisations :
_cby John De Coninck...[et.al]
_bsharing training and facilitation experiences /
260 _aNew Delhi
_bSage Publications India
_c2008
260 _a
_b
270 _aB 1/1-1 Mohan Cooperative Industrial Area, Mathura Road
_bNew Delhi
_e110044
300 _axv, 200p.
_c23 cm (Hb)
500 _aIncludes bibliographical references
942 _cEN
_h338.910683
_2ddc
_mPLA
999 _c14109
_d14109